乃木坂46賀喜遥香のセンター曲 - Statistics

General Stats
  • This quiz has been taken 18 times
  • The average score is 5 of 6
Answer Stats
Answer % Correct
君に叱られた
100%
好きというのはロックだぜ!
100%
I see..
93%
Monopoly
87%
Same numbers
87%
真夏日よ
80%
No matching quizzes found
Score Distribution
Percent of People with Each Score
Percentile by Number Answered
Your Score History
You have not taken this quiz